Mystic SMP Youtuber - Statistiken

Allgemein
  • Dieses Quiz wurde 7 mal gespielt
  • Das Durchschnittsergebnis liegt bei 7 aus 12
Antwortstatistiken
Hint Antwort % Korrekt
Toobad
100%
Platin
86%
Arikate
71%
Croco
71%
Kiru
57%
Luke
57%
Maggus
57%
Makochako
57%
Spielt nicht mehr! Tordi
57%
Spielt nicht mehr! Navex
43%
Spielt nicht mehr! Flexi
29%
HanLink
14%
Keine übereinstimmenden Quizze gefunden
Verteilung der Resultate
Anzahl Personen mit jedem Resultat
Perzentil nach korrekt beantworteten Fragen
Ihre Resultats-Entwicklung
Sie haben dieses Quiz noch nicht gespielt